000 00488nam a2200181Ia 4500
008 230718s9999 xx 000 0 und d
020 _a9788174091955
041 _aeng
082 _a510.620
_bGRE
100 _aGrewal B.S.
245 _aHigher Engineering Mathematics
250 _a43rd ed.
260 _c2014
_bKhanna Publisher
300 _a1315
365 _cRs.
_b725.00
700 _aGrewal B.S. & Grewal J.S.
906 _dO:0367605-Jan-2017B:SE/SI/356202-Dec-2016
_cBSH
_b580
999 _c343885
_d343885